书目信息 |
| 题名: |
朱光潜美学文集
|
|
| 作者: | 朱光潜 著 | |
| 分册: | 第一卷 | |
| 出版信息: | 上海 上海文艺出版社 1982.02 |
|
| 页数: | 542页 | |
| 开本: | 21cm | |
| 丛书名: | ||
| 单 册: | ||
| 中图分类: | B83-53 | |
| 科图分类: | ||
| 主题词: | 美学--文集 | |
| 电子资源: | ||
| ISBN: | ||
| 000 | 00634nam0 2200229 45 | |
| 001 | 0182006030 | |
| 005 | 20051216102114.73 | |
| 010 | @dCNY1.65 | |
| 091 | @a10078.3298 | |
| 100 | @a19950424f19821989kemy0chiy0121 ea | |
| 101 | 0 | @achi |
| 102 | @aCN@b310000 | |
| 105 | @ac z 000yd | |
| 200 | 10 | @a朱光潜美学文集@Azhu guang qian mei xue wen ji@h第一卷@f朱光潜著@FZhu Guang Qian Zhu |
| 210 | @a上海@c上海文艺出版社@d1982.02 | |
| 215 | @a542页@c照片@d21cm | |
| 606 | @a美学@x文集 | |
| 690 | @aB83-53@v3 | |
| 701 | 0 | @a朱光潜@4著 |
| 801 | 2 | @aCN@bNLC@c20051216 |
| 801 | 0 | @aCN@b上海图书馆@c20031217 |
| 905 | @dB83-53@e18:1@f1@b79265 | |
| 朱光潜美学文集.第一卷/朱光潜著.-上海:上海文艺出版社,1982.02 |
| 542页:照片;21cm |
| ISBN :CNY1.65 |
| ● |
| 相关链接 |
|
|
|
|
正题名:朱光潜美学文集
索取号:B83-53/18:1
 
预约/预借
| 序号 | 登录号 | 条形码 | 馆藏地/架位号 | 状态 | 备注 |
| 1 | 0079264 | 202176894 | 密集书库/ [索取号:B83-53/18:1] | 在馆 | |
| 2 | 0079265 | 000512083 | 第一样本阅览室/ [索取号:B83-53/18:1] | 在馆 | |
| 3 | 0176451 | 001661222 | 密集书库/ [索取号:B83-53/18:1] | 在馆 | |
| 4 | 0176452 | 000512127 | 密集书库/ [索取号:B83-53/18:1] | 在馆 |